000
00345 a2200133 4500
999
_c
41832
_d
41832
003
OSt
005
20230225131940.0
008
230225b ||||| |||| 00| 0 eng d
040
_c
oclc
082
_a
894.812
_b
PON/P
245
_a
Ponnani Primer
300
_a
282 pages
942
_2
ddc
_c
BK
_h
894.812
_i
PON/P
_k
894.812
_m
PON/P